Las antiguas ferias de Medina del Campo (Record no. 60289)

MARC details
000 -LEADER
campo de control de longitud fija 00647nam a2200193 i 4500
001 - NÚMERO DE CONTROL
campo de control 60289
003 - IDENTIFICADOR DE NÚMERO DE CONTROL
campo de control ES-MaACL
005 - FECHA Y HORA DE LA ÚLTIMA TRANSACCIÓN
campo de control 20251003161852.0
007 - CAMPO FIJO DE DESCRIPCIÓN FÍSICA--INFORMACIÓN GENERAL
campo de control de longitud fija t|
008 - DATOS DE LONGITUD FIJA--INFORMACIÓN GENERAL
campo de control de longitud fija 031104s1908 sp ||||1| spa d
100 1# - ENTRADA PRINCIPAL--NOMBRE DE PERSONA
Nombre de persona Espejo, Cristóbal.
9 (RLIN) 47793
245 14 - MENCIÓN DEL TÍTULO
Título Las antiguas ferias de Medina del Campo
Resto del título : investigación histórica /
Mención de responsabilidad, etc. por Cristobal Espejo y Julián Paz.
260 ## - PUBLICACIÓN, DISTRIBUCIÓN, ETC.
Lugar de publicación, distribución, etc. Valladolid :
Nombre del editor, distribuidor, etc. [s.n.],
Fecha de publicación, distribución, etc. 1908 (
Fabricante La nueva pincia)
300 ## - DESCRIPCIÓN FÍSICA
Extensión VII, 342 p. ;
Dimensiones 21 cm.
650 #4 - PUNTO DE ACCESO ADICIONAL DE MATERIA--TÉRMINO DE MATERIA
Término de materia o nombre geográfico como elemento de entrada Ferias-
Subdivisión geográfica Medina del Campo-
Subdivisión de forma Historia.
9 (RLIN) 156781
700 1# - ENTRADA AGREGADA--NOMBRE PERSONAL
Nombre de persona Paz Espeso, Julián,
Fechas asociadas al nombre 1868-1962
9 (RLIN) 89769
852 ## - LOCALIZACIÓN
Ubicación ES-MaACL
Número de control de estantería F-1856
Holdings
Estatus retirado Estado de pérdida Estado de daño No para préstamo Biblioteca de origen Biblioteca actual Ubicación en estantería Fecha de adquisición Fuente de adquisición Total de préstamos Signatura topográfica completa Código de barras Visto por última vez Precio de reemplazo Tipo de ítem Koha
        Biblioteca del Ateneo de Madrid Biblioteca del Ateneo de Madrid Depósito 2 17/01/2008     F-1856 1063234 23/02/2023 23/02/2023 Libro impreso